|
|
|
|
| LEADER |
00000nam a2200000na 4500 |
| 001 |
vtls011593315 |
| 003 |
SK-MaSNL |
| 005 |
20260301135955.0 |
| 008 |
200612s1600 fr a 0 an0 lat |
| 015 |
|
|
|a SNBHFA1600
|
| 035 |
|
|
|a 65BD57EC-EE11-45ED-8AFF-8E65764BD2F2
|
| 035 |
|
|
|a urn:nbn:sk:snk-amyc23
|
| 035 |
|
|
|a urn:nbn:sk:snk-am00cetm
|
| 040 |
|
|
|a SNKHF
|b slo
|c SNK
|e AACR2
|
| 041 |
0 |
|
|a lat
|
| 044 |
|
|
|a fr
|c FR
|
| 100 |
1 |
|
|a Agrippa, Heinrich Cornelius,
|d 1486-1535
|4 aut
|9 176749
|
| 245 |
1 |
0 |
|a Henrici Agrippae Ab Netteysheym, Armatae Militiae Eqvitis Avrati, Et Ivris Vtrivsqve ac Nedicinae Doctoris, Opervm
|n Pars Posterior
|b Quorum Catalogum ... paginae sequentes. Vna Cum Rerum Et Verborvm ... tomo memorabilium Indice, & locuplete & certo. Huic accesserunt Epistolarum ... libri septem, & orationes decem ante seorsim editae
|
| 260 |
|
|
|a Lugduni
|b Per Beringos fratres
|c [cca 1600]
|
| 300 |
|
|
|a [14], 1156 s.
|c 18 cm
|
| 500 |
|
|
|a Signet, linky, iniciálky s ornamentálnym pozadím vo voľnom priestore na 3-8 r., v texte nákresy a tabuľky, marginálie, kustody
|
| 500 |
|
|
|a Poškodený titulný list
|
| 508 |
|
|
|a Ded. Furnarius, Augustinus; Agrippa, Heinrich Cornelius
|
| 510 |
4 |
|
|a Index Aurel. 101.915
|
| 550 |
|
|
|a Rok vytlačenia doplnený z bibliografie
|
| 561 |
|
|
|a Rkp. Est Samuelis Mesko, Nobilis de Kubin.
|5 SNK ID 99477
|
| 561 |
|
|
|a Z knižnice Antona Augustína Baníka.
|5 SNK ID 99477
|
| 563 |
|
|
|a Väzba pôvodná, renesančná, bledá koža s ornamentálnou slepotlačou.
|5 SNK ID 99477
|
| 700 |
1 |
|
|a Agrippa, Heinrich Cornelius,
|d 1486-1535
|4 dto
|9 176749
|
| 700 |
1 |
|
|a Furnarius, Augustinus
|4 hnr
|9 71997
|
| 700 |
1 |
|
|a Meško, Samuel
|4 fmo
|9 72879
|
| 700 |
1 |
|
|a Béringen, Godefroy,
|d 16. storočie
|4 prt
|9 72118
|
| 700 |
1 |
|
|a Béringen, Marcellin,
|d zomrel 1556
|4 prt
|9 72119
|
| 710 |
2 |
|
|a Béringen, Godefroy - Béringen, Marcellin (Lyon, Francúzsko),
|d 1544-1556
|4 prt
|9 215299
|
| 752 |
|
|
|a Francúzsko
|d Lyon
|
| 852 |
|
|
|a snk
|b Baníkova knižnica
|p ID 99477
|
| 958 |
|
|
|a ONDV
|
| 999 |
|
|
|c 762017
|d 763947
|
| 952 |
|
|
|t Bk 96
|a SNK
|b SNK
|c SNK_HF
|y PREZ
|7 0
|p 17A1129348
|o snkID 99477
|i snk2016/26750
|8 5
|0 0
|1 0
|4 0
|d 2016-11-16
|f 1
|l 0
|r 2026-02-24 00:07:53
|w 2026-02-24
|